000 00641nam a2200205Ia 4500
003 GCL
008 140319s9999 xx 000 0 ara d
040 _aGCL /
_cGCL
082 0 4 _a155.4
_bك ا
100 1 _aكلير فهيم
245 1 0 _aاولادنا والمدرسة /
_cكلير فهيم
250 _aالاولى
260 _aالقاهرة :
_bجهاد للنشر والتوزيع ،
_c1998
300 _a104 ص ؛
_c10 سم
650 0 4 _aرياض الاطفال
650 0 4 _aتعليم الاطفال
650 0 4 _aالاطفال - العناية الصحية
650 0 4 _aالاطفال - تربية
942 _2ddc
_cBK
999 _c1197
_d1197